00353nam a2200133Ia 45000030006000000080041000060400015000471000023000622450086000852500010001712600009001815460012001900050017002020STCL150530s9999 xx 000 0 und d aSTCLcSTCL aKorchin Sheldon,J. aModern Clinical Psychology Principles of Intervention in the Clinic and Community aFirst c2004 aEnglish20220125165731.0